MDQL
is popping MORE tags! Check the
thread
!
Quizzes
Events
Quiz Creation
Community
Videos
Private Events
Remove Ads
Sign In
Join for FREE
Feedback
Dark Mode
Quiz Categories
Sports
Geography
Music
Movies
Television
Just For Fun
Miscellaneous
History
Literature
Language
Science
Gaming
Entertainment
Religion
Holiday
For Kids
Quiz Lab
Recent
Popular Today
Quiz Kudos Today
Editor Picks
Curator Picks
Quizzes by...
Day
Popularity
Type
Ratings
Length
Year
Community
Subscriptions
Recent Discussions
Orange Saloon
Badges
Playlists
Quests
Create
Leaderboards
Showdown
Live 5
Trivia Bingo
Activity
Puzzle Library
Sporcle Events
Private Events
Virtual Trivia
Globe League
Become a Host
Pub Owners
SporcleCon
Opinionation
Our Games
Videos
Blog
Mobile Apps
Partnerships
Remove Ads and Go Orange
Feedback
Language
Vocabulary
Begins and Ends
Definition
Spanish
French
German
Italian
Chinese
Latin
Translation
Japanese
Language
Vocabulary
Begins and Ends
Definition
Spanish
French
German
Italian
Chinese
Latin
Translation
Japanese
Random Quiz
Search Sporcle
×
Quiz Lab
Quiz Lab
Language
kanji
Type in answers that appear in a list
Type in answers that appear in a list
Classic
Best Score? Go Orange.
Kanji by Meaning Stats
Can you name the Kanji by Meaning?
By
Luxumbra
20m
110 Questions
446 Plays
446 Plays
446 Plays
Comments
Comments
Give Quiz Kudos
Give Quiz Kudos
-
- Ratings
hide this ad
Replay
Link that replays current quiz
Next Quiz
Link to next quiz in quiz playlist
You Got
0%
They Got
Avg Score
35%
Avg Friend Score
Upgrade to see
Score Distribution
Jump to the score distribution portion of the page
Score
0/110
Timer
20:00
0
Plays Today
kanji:
meaning:
% Correct
日
day
96.4%
二
two
90.1%
十
ten
87.7%
人
person
86.1%
三
three
84.8%
中
in
84.1%
大
large
79.4%
本
book
77.1%
年
year
73.8%
五
five
72.6%
国
country
72%
月
month
71.7%
一
1
69.1%
四
four
68.2%
九
nine
67.7%
八
eight
66.8%
上
above
66.4%
六
six
65.9%
時
time
65.2%
子
child
63%
目
eye
62.3%
今
now
61%
下
below
59.3%
分
part
57.8%
金
gold
57.8%
手
hand
57%
長
long
55.8%
田
rice field
54.9%
円
circle
53.1%
力
power
52%
生
life
51.8%
東
East
51.3%
会
meeting
47.5%
前
before
45.3%
明
bright
45.3%
同
same
44.6%
高
tall
44.6%
kanji:
meaning:
% Correct
地
ground
44.4%
外
outside
42.8%
市
market
42.2%
事
matter
40.8%
京
capital
40.4%
社
company
39.7%
自
oneself
38.3%
体
body
37.2%
新
new
36.8%
後
behind
35%
見
hopes
34.5%
民
people
33%
内
within
32.3%
代
substitute
31.8%
全
whole
31.6%
場
location
31.4%
問
question
30%
出
to exit
28.7%
学
learning
27.1%
間
space
26.5%
方
direction
26.5%
入
to enter
24.2%
行
going
23.8%
来
due
23.7%
部
section
22.4%
言
to say
22.2%
不
negative
22.1%
員
employee
21.5%
主
lord
21.1%
政
politics
20.6%
実
reality
20.4%
戦
war
20.2%
首
neck
19.8%
連
party
19.7%
関
connection
18.8%
動
motion
18.8%
回
round
18.2%
kanji:
meaning:
% Correct
当
right
17.7%
発
departure
17.7%
対
vis-à-vis
17.7%
作
production
17.6%
開
to open
16.8%
氏
family name
16.6%
意
idea
16.6%
立
to stand up
16.1%
表
surface
15.2%
者
someone
15%
最
utmost
13.7%
米
USA
13.2%
理
logic
12.8%
性
sex
12.1%
制
system
11.6%
相
mutual
10.1%
定
to determine
9.6%
合
to fit
9.4%
用
service
9.4%
的
bull's eye
9.1%
選
to elect
8.7%
通
traffic
8.7%
党
clique
8.5%
議
deliberation
8.3%
法
method
8.2%
調
tune
8.1%
約
promise
7.7%
業
vocation
7.6%
経
sutra
7%
題
topic
6.8%
決
to appoint
6.7%
現
existing
6.7%
治
to reign
5.5%
化
to take the form of
5.2%
要
essence
5%
度
occurrence
5%
Quiz Playlist
Details
Report
Send in Message
Add To Playlist
Classic:
Type in answers that appear in a list
Last Updated: Aug 30, 2017
Quiz Scoreboard
CHALLENGE
Sign Up to Join the Scoreboard
Show All
Scores
Hide
Comments
May contain spoilers
Recently Published
5x2 Blitz: Bands
by SL_Kpop136
Music
30s
Colored Red Africa Blitz
by spor1
Geography
30s
Find the 'City' Movie
by crazypaving
Movies
60s
More to Explore
Quiz From the Vault
Featured Blog Post
14 Easter Pick-up Lines to Find Eggs With
hide this ad
You Might Also Like...
Tags
kanji
Today's Top Quizzes in Language
Browse Language
hide this ad
Top Contributed Quizzes in Language
1
What Word Starts All?
2
Arabic Numerals
3
1-10 Letter F Words III
4
1-10 Letter G Words III
5
1-10 Letter H Words III
6
1-10 Letter I Words III
7
Latihan Huruf Hiragana KA KI KU KE KO
8
Weisst du, aus welchen Sprachen diese Wörter stammen?
9
1-10 Letter J Words III
10
1-10 Letter K Words III
Explore More
Trending Topics
Marvel
Crossword
Kpop
Harry Potter
Anime
Disney
NBA
Pokémon
NFL
Country
Song
The Office
Puzzle
WWE
Soccer
hide this ad
More By:
Luxumbra
Quiz
Plays
Rating
Category
Featured
Created
Kanji by Meaning
446
1.42
Language
Feb 27, 2012
Kanji by Reading
198
Language
Feb 29, 2012
Go to Creator's Profile
Score Distribution
Quiz Creator Spotlight
Luxumbra
Follow
Send a Message
Quizzes Created
-
Created Quiz Play Count
-
More By This Creator
Popular Quizzes Today
1
Colored Red Africa Blitz
2
Find the US States - No Outlines Minefield
3
Find the 'City' Movie
4
5x2 Blitz: Bands
5
The Countries of the World
6
Find the US States
7
US States
8
Find the Countries of Europe - No Outlines Minefield
More Language Quizzes
17 Ways Not to Drive in the 'Mist'
Published
Trending Quizzes
Colored Red Europe Blitz I
Colored Red Europe Blitz II
Colored Red Africa Blitz II
Colored Red Europe Blitz III
Colored Red Africa Blitz III
Recently Updated
How Do You Spell That?
pecheneg
Godzilla Movies
pecheneg
Grab Bag: 4-10 Letters
pecheneg
2024 March Madness Bracket
pecheneg
Famous TV Couples
Peacemaker
Champions League XIs: Real Madrid
pecheneg
Largest US Cities 1790-2010
pecheneg
Rides in Walt Disney World
pecheneg
Most Oscar Losses (Acting)
pecheneg
Beyoncé Albums
pecheneg
Trending Topics
Anime
Harry Potter
Marvel
NBA
Crossword
Kpop
Disney
WWE
The Office
Puzzle
Pokémon
Country
Soccer
Song
NFL
Your Account Isn't Verified!
In order to create a playlist on Sporcle, you need to verify the email address you used during registration. Go to your
Sporcle Settings
to finish the process.
Report this User
Report this user for behavior that violates our
Community Guidelines
.
Details:
Send Report
Go to the Sporcle.com Mobile Site →
Comments